| 000 -LEADER |
| fixed length control field |
01225nam a22002297a 4500 |
| 003 - CONTROL NUMBER IDENTIFIER |
| control field |
OSt |
| 005 - DATE AND TIME OF LATEST TRANSACTION |
| control field |
20250218095223.0 |
| 008 - FIXED-LENGTH DATA ELEMENTS--GENERAL INFORMATION |
| fixed length control field |
230908b ||||| |||| 00| 0 eng d |
| 040 ## - CATALOGING SOURCE |
| Transcribing agency |
SSBUL |
| 082 ## - DEWEY DECIMAL CLASSIFICATION NUMBER |
| Edition number |
23 |
| Classification number |
၂၉၄.၃၄၃၅၀၉ |
| Item number |
ရှိတ် |
| 100 ## - MAIN ENTRY--PERSONAL NAME |
| Personal name |
ရှိတ်၊ ဗိုလ် |
| Titles and words associated with a name |
(ရတနာပူရ) |
| 9 (RLIN) |
30400 |
| 245 10 - TITLE STATEMENT |
| Title |
တံတားဦးမြို့ မင်္ဂလာစေတီတော်သမိုင်း |
| Remainder of title |
သမိုင်းစာပေမြန်မာမှုလက်ရာများ / |
| Statement of responsibility, etc. |
ဗိုလ်ရှိတ်(ရတနာပူရ)။ |
| 260 ## - PUBLICATION, DISTRIBUTION, ETC. |
| Place of publication, distribution, etc. |
[ရန်ကုန်] ၊ |
| Name of publisher, distributor, etc. |
လယ်တွင်းဂုဏ်ရည်စာပေတိုက်၊ |
| Date of publication, distribution, etc. |
၂၀၂၂။ |
| 300 ## - PHYSICAL DESCRIPTION |
| Extent |
၃၅၅ စာမျက်နှာ ၊ |
| Other physical details |
ဓာတ်ပုံ၊ ရုပ်ပုံ ၊ |
| Dimensions |
၂၁ စင်တီ။ |
| 504 ## - BIBLIOGRAPHY, ETC. NOTE |
| Bibliography, etc. note |
ကျမ်းကိုးစာရင်းပါသည်။ |
| 650 ## - SUBJECT ADDED ENTRY--TOPICAL TERM |
| Topical term or geographic name entry element |
ဗုဒ္ဓဘာသာ-ဝတ်ပုထိုးကိုးကွယ်ခြင်း၊ ဘုရားရှိခိုးခြင်း |
| 9 (RLIN) |
30401 |
| 942 ## - ADDED ENTRY ELEMENTS (KOHA) |
| Koha item type |
Books (Long term) |
| Source of classification or shelving scheme |
|
|
| Source of classification or shelving scheme |
|
|
| Source of classification or shelving scheme |
|
|
| Source of classification or shelving scheme |
|
|
| Source of classification or shelving scheme |
|